000 01127nam a2200301 4500
003 EG-GICUC
005 20260502094331.0
008 110505s1984####ua|####fr#####000#0#ara#c
040 _a EG-GICUC
_bara
_c EG-GICUC
_d EG-GICUC
_erda
041 _aara
082 0 4 _221
_a345
_bس ل . ا
092 0 4 _221
099 _aLaw1 07 345 س ل . ا 1984
100 0 _aسليمان محمد الطماوي
_eAuthor.
245 1 2 _aالأسس العامة للعقود الإدارية :
_bدراسة مقارنة /
_cسليمان محمد الطماوي.
264 1 _aالقاهرة :
_bمطبعة جامعة عين شمس،
_c1984.
300 _a876 ؛ صفحة
_c24 سم
_bإيضاحيات، صور، مثيليات ؛
336 _2rda content
_atext
337 _2rda media
_aComputer
338 _2rda carrier
_aOnline Resource
504 _a. 240-220 ببليوجرافيا: صفحات.
546 _aالنص باللغة العربية
650 1 4 _aالقانون الإداري
_2qrmak
651 1 _2qrmak
856 4 0 _uhttps://fll.law.cu.edu.eg/fulltext/bks/B07-02713.pdf
905 _a30
942 _2ddc
_cBK
_e21
_n0
999 _c74753
_d74753